000 00354nam a2200133Ia 4500
008 240624s9999 xx 000 0 und d
041 _aeng
082 _a133.6 FIN
100 _aFINCHAM JOHNNY
245 _aPALMISTRY FROM APPRENTICE TO PRO IN TWEN
260 _c2009
_aBhopal
_bIndra Publishing House
300 _a222 : p. : cm. ; 21
365 _cRS
_b30
999 _c26996
_d26996